Statistics for Premier League by Nationalities

Click here to take the quiz!

General Stats

  • This quiz has been taken 13 times
  • The average score is 5 of 66

Answer Stats

CountryPlayers% Correct
England195
100%
France26
73%
Brazil35
55%
Portugal22
55%
Argentina13
27%
Germany11
27%
Scotland16
27%
Spain19
27%
Wales15
27%
Belgium11
18%
Netherlands19
18%
United States8
18%
Colombia5
9%
Denmark16
9%
Nigeria6
9%
Norway4
9%
Albania2
0%
Algeria2
0%
Australia1
0%
Austria1
0%
Bosnia and Herzegovina1
0%
Burkina Faso3
0%
Cameroon3
0%
Canada2
0%
Chile1
0%
Costa Rica1
0%
Croatia3
0%
Czech Republic2
0%
Democratic Republic of the Congo3
0%
Ecuador2
0%
Egypt2
0%
Estonia1
0%
Finland1
0%
Gabon1
0%
Ghana5
0%
Greece2
0%
Grenada1
0%
Hungary3
0%
Iceland2
0%
Israel1
0%
Italy7
0%
Ivory Coast10
0%
Jamaica7
0%
Japan2
0%
Kosovo1
0%
Mali5
0%
Mexico2
0%
Morocco3
0%
New Zealand1
0%
Northern Ireland2
0%
North Macedonia1
0%
Paraguay2
0%
Poland3
0%
Republic of Ireland20
0%
Romania1
0%
Senegal5
0%
Serbia2
0%
Slovakia2
0%
South Africa1
0%
South Korea3
0%
Sweden8
0%
Switzerland6
0%
Tunisia3
0%
Ukraine5
0%
Uruguay3
0%
Zimbabwe2
0%

Score Distribution

Percentile by Number Answered

Percent of People with Each Score

Your Score History

You have not taken this quiz